[Event "POL-chT U19 2nd League"]
[Site "Szczyrk"]
[Date "2014.07.27"]
[Round "4.100"]
[White "Sendobry, Anna"]
[Black "Kaniowska, Anna"]
[Result "1/2-1/2"]
[WhiteElo "1368"]
[BlackElo "1363"]
[PlyCount "103"]
[EventDate "2014.07.25"]
[EventType "team-swiss"]
[EventRounds "11"]
[EventCountry "POL"]
[SourceTitle "EXT 2015"]
[Source "ChessBase"]
[SourceDate "2014.11.20"]
[SourceVersion "1"]
[SourceVersionDate "2014.11.20"]
[SourceQuality "1"]
[WhiteTeam "Mikolow AKS U19"]
[BlackTeam "Gorzow Wielkopolski Stilon U19 II"]
[WhiteTeamCountry "POL"]
[BlackTeamCountry "POL"]

1. e4 e5 2. Nf3 Nc6 3. Bb5 a6 4. Ba4 Nf6 5. 0-0 Be7 6. Re1 b5 7. Bb3 d6 8. h3 Na5 9. c3 Nxb3 10. axb3 0-0 11. b4 Bb7 12. d3 Re8 13. Nbd2 Bf8 14. Nb3 d5 15. exd5 Qxd5 16. Na5 Bc8 17. Be3 Bf5 18. d4 exd4 19. Nxd4 Bd7 20. Qf3 Qxf3 21. Nxf3 h6 22. Nb3 Bd6 23. Ra2 Nd5 24. Bd4 Rxe1+ 25. Nxe1 Be6 26. Ra3 f6 27. Nd3 Nf4 28. Nxf4 Bxf4 29. Nc5 Bc8 30. Ra1 Kf7 31. b3 Bd6 32. c4 Bxc5 33. Bxc5 Bb7 34. Re1 Re8 35. Rxe8 Kxe8 36. f3 g6 37. Kf2 h5 38. Ke3 Kd7 39. Kd4 Bc6 40. Bf8 Ke6 41. Kc5 Bd7 42. Bh6 f5 43. Bf4 c6 44. Kb6 Be8 45. Kxa6 Bd7 46. Kb6 Ke7 47. Kc5 Ke6 48. Kb6 Ke7 49. Kc5 Ke6 50. Kb6 Ke7 51. Kc5 Ke6 52. Kb6 1/2-1/2

[Event "POL Region-ch U15 Girls"]
[Site "Szczyrk"]
[Date "2012.10.21"]
[Round "2.1"]
[White "Sendobry, Anna"]
[Black "Kaszok, Weronika"]
[Result "1-0"]
[WhiteElo "1328"]
[BlackElo "1386"]
[PlyCount "45"]
[EventDate "2012.10.14"]
[EventType "tourn"]
[EventRounds "8"]
[EventCountry "POL"]
[SourceTitle "EXT 2023"]
[Source "ChessBase"]
[SourceDate "2022.10.05"]
[SourceVersion "1"]
[SourceVersionDate "2022.10.05"]
[SourceQuality "1"]

1. e4 e6 2. d4 d5 3. Nc3 dxe4 4. Nxe4 Nd7 5. Nf3 Ngf6 6. Bd3 Be7 7. 0-0 0-0 8. c3 c5 9. Qc2 h6 10. Be3 b6 11. Rad1 Qc7 12. Qc1 Ng4 13. Bf4 e5 14. dxe5 Ndxe5 15. Nxe5 Nxe5 16. Bxh6 Qc6 17. Bxg7 Kxg7 18. Ng5 Nxd3 19. Rxd3 Bxg5 20. Rg3 Rg8 21. Qxg5+ Kf8 22. Qd8+ Qe8 23. Rxg8+ 1-0